00000000nam##2200000za#4500
0019.577020
003CaOODSP
00520210624185420
007cr |||||||||||
008150406|1990||||xxc|||||o    f|0| 0 eng|d
040 |aCaOODSP|beng
043 |an-cn---
0861 |aFs97-13/821E-PDF
1101 |aCanada. |bDepartment of Fisheries and Oceans.
24510|aSpawn estimates and associated predator data for herring egg loss in Lambert Channel, Georgia Strait - 1989 and 1990 / |h[electronic resource]|cby C.W. Haegele.
260 |aNanaimo - British Columbia : |bFisheries and Oceans Canada |c1990.
300 |a110p.|btables
4901 |aCanadian data report of fisheries and aquatic sciences|vNo. 821
500 |aOn t.p.: Pacific Biological Station, Nanaimo, British Columbia. Catalogue number and ISSN of the print edition appear in the PDF version.
546 |a(Résumé en français)
590 |a13-19-Supp|b2013-08-14
7201 |aHaegele, C. W.
830#0|aCanadian data report of fisheries and aquatic sciences ;|vNo. 821|w(CaOODSP)9.505124
85640|ahttp://publications.gc.ca|qPDF|s1544 KB|uhttps://publications.gc.ca/collections/collection_2013/mpo-dfo/Fs97-13-821-eng.pdf|yNo. 821